• AIU
  • Tony Wilmot Memorial Library

Perspectives on leadership training (Record no. 63978)

MARC details
000 -LEADER
fixed length control field 00231nam a2200109 4500
020 ## - INTERNATIONAL STANDARD BOOK NUMBER
International Standard Book Number 996620041X
082 0# - DEWEY DECIMAL CLASSIFICATION NUMBER
Classification number 658.4
245 11 - TITLE STATEMENT
Title Perspectives on leadership training
260 ## - PUBLICATION, DISTRIBUTION, ETC. (IMPRINT)
Place of publication, distribution, etc Kenya
Date of publication, distribution, etc 1993
300 ## - PHYSICAL DESCRIPTION
Extent 264 p.
942 ## - ADDED ENTRY ELEMENTS (KOHA)
Source of classification or shelving scheme
Koha item type Books

No items available.